Risk management in regulatory frameworks : (رقم التسجيلة. 35151)

تفاصيل مارك
000 -الفاتح
حقل البيانات ثابتة الطول 00929nam a22002417a 4500
003 - محدد رقم الضبط
رقم الضبط OSt
005 - وقت وتاريخ اخر تعامل مع التسجيلة
رقم الضبط 20150408114218.0
008 - عناصر البيانات ثابتة الطول - معلومات عامة
حقل البيانات ثابتة الطول 140517s2012 nyua f b i00| 0 eng d
020 ## - الرقم الدولى المعيارى للكتب
الرقم الدولى المعيارى للكتاب 9789211170689
040 ## - مصدر الفهرسة
وكالة الفهرسة الأصلية Ma-Un
082 04 - رقم تصنيف ديوى العشرى
رقم الطبعة 22
رقم التصنيف 658
رقم المادة JLR
100 1# - المدخل الرئيسى - إسم شخصى
الإسم الشخصى Jachia, Lorenza.
9 (RLIN) 45305
245 10 - بيان العنوان
العنوان Risk management in regulatory frameworks :
بقية العنوان towards a better management of risks /
بيان المسئوليه,etc [authored by Lorenza Jachia and Valentin Nikonov]
260 ## - PUBLICATION, DISTRIBUTION, ETC. (IMPRINT)
مكان الناشر او الموزع New York :
اسم الناشر او الموزع United Nations,
تاريخ النشر أو التوزيع 2012.
300 ## - الوصف المادى
التعداد xii, 106 p. :
تفاصيل ماديه اخرى للوعاء ill. ;
أبعاد الوعاء 30 cm.
500 ## - تبصرة عامة
تبصرة عامة At head of title: United Nations Economic Commission for Europe.
504 ## - تبصرة ببليوجرافية
تبصرة ببليوجرافية,الخ Includes bibliographical references (p. 100-106)
650 ## - المدخل الاضافى بالموضوع-مصطلح موضوعى
مصطلح موضوعي أو اسم جغرافي كعنصر مدخل Risk management
التقسيم الفرعي العام Law and legislation
9 (RLIN) 45306
650 ## - المدخل الاضافى بالموضوع-مصطلح موضوعى
مصطلح موضوعي أو اسم جغرافي كعنصر مدخل Hazard mitigation
التقسيم الفرعي العام Law and legislation
9 (RLIN) 45307
700 1# - المدخل الاضافى - اسم شخصى
الإسم الشخصى Nikonov, Valentin.
9 (RLIN) 45308
710 2# - المدخل الاضافى - اسم هيئه
اسم الهيئة أو اسم السلطة كمدخل United Nations.
وحده ملحقة Economic Commission for Europe
9 (RLIN) 45309
942 ## - عناصر المدخل الإضافي( كوها)
مصدر التصنيف او مخطط الترفيف Dewey Decimal Classification
Koha [default] item type كتاب
المقتنيات
حالة الفقد نموذج السعر الفعال حالة تلف ليس للاعارة رقم الطلب رقم النسخة تاريخ الاكتساب مصدر التزويد الموقع الحالي الباركود الفرع الرئيسي Date last seen نوع المادة فى نظام كوها مصدر التصنيف او خطة الترفيف Total Checkouts
  2014-05-17   Not For Loan 658 JLR 1 2014-05-17 دار العرب مكتبة كلية العلوم و الدراسات الإنسانية برماح - طالبات (SRF) 00211025 مكتبة كلية العلوم و الدراسات الإنسانية برماح - طالبات (SRF) 2014-05-17 كتاب Dewey Decimal Classification  
  2014-05-17     658 JLR 2 2014-05-17 دار العرب مكتبة كلية العلوم و الدراسات الإنسانية برماح - طالبات (SRF) 00211027 مكتبة كلية العلوم و الدراسات الإنسانية برماح - طالبات (SRF) 2014-05-17 كتاب Dewey Decimal Classification  
  2014-05-17   Not For Loan 658 JLR 1 2014-05-17 دار العرب مكتبة كلية العلوم و الدراسات الإنسانية برماح - طلاب (SRM) 00211024 مكتبة كلية العلوم و الدراسات الإنسانية برماح - طلاب (SRM) 2014-05-17 كتاب Dewey Decimal Classification  
  2014-05-17     658 JLR 2 2014-05-17 دار العرب مكتبة كلية العلوم و الدراسات الإنسانية برماح - طلاب (SRM) 00211026 مكتبة كلية العلوم و الدراسات الإنسانية برماح - طلاب (SRM) 2014-05-17 كتاب Dewey Decimal Classification